000 00670nam a2200253Ia 4500
003 OSt
005 20221006144932.0
006 a|||||r|||| 00| 0
007 ta
008 221006b |||||||| |||| 00| 0 eng d
020 _c
_10.00
024 _a13,252
037 _cTextual
040 _aEASL
_cEASL
_beng
041 _2eng
_aeng
082 _aV41,41-14wN07, L0
100 _aEBON Martin
_9112294
245 0 _aLin piao
_b Life and writngs of China new rular
260 _aNew York
_bStein and Day
_c1970
300 _a378p.
_ccm.
490 _v CEL
942 _hV41,41-14wN07, L0
_cTEXL
_2CC
999 _c1081338
_d1081338